000 00562nam a22002297a 4500
003 UA-OsUOA
001 98684
007 ta
008 20130416b un ||||| |||| 00| 0 ukr d
100 _aСая К.
090 _a821. 172
_bС22
942 _cBK
040 _aUA-OsUOA
_brus
_cUA-OsUOA
_dUA-OsUOA
245 _aПьесы
300 _a304 с.
955 _a3
041 _arus
080 _a821. 172
260 _aМ.
_bСов.писатель
_c1985
650 7 _a82 Література. Літературознавство
_2UDC
999 _c384522
_d384522